Quan điểm Mácxít về tôn giáo /

Enregistré dans:
Détails bibliographiques
Auteur principal: Đỗ Quang Khắc, TS.
Format: Article
Langue:Vietnamese
Sujets:
Tags: Ajouter un tag
Pas de tags, Soyez le premier à ajouter un tag!
Thư viện lưu trữ: Thư viện Trường Đại học Đà Lạt
LEADER 00745nam a2200265 4500
001 DLU090085185
005 ##20091125
040 # # |a DLU  |b vie 
041 # # |a vie 
044 # # |a vn 
100 # # |a Đỗ Quang Khắc,   |c TS. 
245 # # |a Quan điểm Mácxít về tôn giáo /  |c Đỗ Quang Khắc. 
653 # # |a Chủ nghĩa Mác-Lênin 
653 # # |a Tôn giáo 
653 # # |a Xã hội học 
773 # # |t Nghiên cứu tôn giáo  |g Số 2(68), 2009, tr. 3-9 
920 # # |a Phòng Tạp chí -- Trung tâm Thông tin - Thư viện Trường Đại học Đà Lạt 
994 # # |a DLU 
900 # # |a True 
911 # # |a Nguyễn Thị Linh Chi 
925 # # |a G 
926 # # |a A 
927 # # |a BB 
980 # # |a Thư viện Trường Đại học Đà Lạt